<?xml version="1.0" encoding="UTF-8"?>
<collection xmlns:xsi="http://www.w3.org/2001/XMLSchema-instance" xsi:schemaLocation="http://www.loc.gov/MARC21/slim http://www.loc.gov/standards/marcxml/schema/MARC21slim.xsd" xmlns="http://www.loc.gov/MARC21/slim">
 <record>
  <leader>00000cam a22000004a 4500</leader>
  <controlfield tag="001">UP-99796217604720741</controlfield>
  <controlfield tag="003">Buklod</controlfield>
  <controlfield tag="005">20230503092542.0</controlfield>
  <controlfield tag="006">a     r     000 0 </controlfield>
  <controlfield tag="007">ta</controlfield>
  <controlfield tag="008">060215s1995    pau     r    |||| u|eng d</controlfield>
  <datafield tag="020" ind1=" " ind2=" ">
   <subfield code="a">1566393108 (pbk. : alk. paper)</subfield>
  </datafield>
  <datafield tag="035" ind1=" " ind2=" ">
   <subfield code="a">(iLib)UPD-00000280367</subfield>
  </datafield>
  <datafield tag="040" ind1=" " ind2=" ">
   <subfield code="a">DML</subfield>
  </datafield>
  <datafield tag="041" ind1=" " ind2=" ">
   <subfield code="a">eng</subfield>
  </datafield>
  <datafield tag="042" ind1=" " ind2=" ">
   <subfield code="a">DMLUC</subfield>
  </datafield>
  <datafield tag="090" ind1=" " ind2=" ">
   <subfield code="a">PS 9993</subfield>
   <subfield code="b">B877 O52 1995</subfield>
  </datafield>
  <datafield tag="100" ind1="1" ind2=" ">
   <subfield code="a">Bulosan, Carlos</subfield>
   <subfield code="d">1911-1956.</subfield>
  </datafield>
  <datafield tag="245" ind1="1" ind2="0">
   <subfield code="a">On becoming Filipino</subfield>
   <subfield code="b">selected writings of Carlos Bulosan</subfield>
   <subfield code="c">edited with an introduction by E. San Juan, Jr.</subfield>
  </datafield>
  <datafield tag="264" ind1=" " ind2="1">
   <subfield code="a">Philadelphia</subfield>
   <subfield code="b">Temple University Press</subfield>
   <subfield code="c">1995.</subfield>
  </datafield>
  <datafield tag="300" ind1=" " ind2=" ">
   <subfield code="a">xi, 221 p.</subfield>
  </datafield>
  <datafield tag="490" ind1="0" ind2=" ">
   <subfield code="a">Asian American history and culture</subfield>
  </datafield>
  <datafield tag="505" ind1="0" ind2=" ">
   <subfield code="a">Passage into life -- The story of a letter -- Be American -- The soldier -- As long as the grass shall grow -- Life and death of a Filipino in America -- Homecoming -- The thief -- The end of the war -- How my stories were written -- The growth of Philippine culture -- My education -- Freedom from want -- Filipino writers in a changing world -- I am not a laughing man -- The writer as worker -- Biography -- Surely the living departed -- The manifesto of human events -- Blood music, 1939 -- The shadow of a tear -- Death and transfiguration -- Waking in the 20th century -- Letter in exile -- Portrait with cities falling -- For a child dying in a tenement -- The foreigners -- Needing no time -- Hymn to a man who failed -- Factory town -- Meeting with a discoverer -- Biography between wars -- If you want to know what we are -- To my countrymen -- Letters (1937-55) -- Letters to an American woman -- Letter to a Filipino woman.</subfield>
  </datafield>
  <datafield tag="650" ind1=" " ind2="0">
   <subfield code="a">Filipino Americans</subfield>
   <subfield code="v">Literary collections.</subfield>
  </datafield>
  <datafield tag="690" ind1="0" ind2="1">
   <subfield code="a">Bulosan, Carlos</subfield>
   <subfield code="d">1911-1956.</subfield>
  </datafield>
  <datafield tag="700" ind1="1" ind2=" ">
   <subfield code="a">San Juan, E.</subfield>
   <subfield code="d">1938-</subfield>
   <subfield code="q">(Epifanio).</subfield>
  </datafield>
  <datafield tag="842" ind1=" " ind2=" ">
   <subfield code="a">Book</subfield>
  </datafield>
  <datafield tag="905" ind1=" " ind2=" ">
   <subfield code="a">FI</subfield>
  </datafield>
  <datafield tag="950" ind1=" " ind2=" ">
   <subfield code="a">Textual</subfield>
  </datafield>
  <datafield tag="852" ind1="0" ind2=" ">
   <subfield code="a">UPD</subfield>
   <subfield code="b">DMLF</subfield>
   <subfield code="h">PS 9993</subfield>
   <subfield code="i">B877 O52 1995</subfield>
  </datafield>
  <datafield tag="942" ind1=" " ind2=" ">
   <subfield code="a">Book</subfield>
  </datafield>
 </record>
</collection>
